Process Modeling of Internal Audit in Healthcare Center

Modelovací nástroj - ARIS Express. Procesy auditu - prehľad dokumentácie, príprava aktivít. Predmety monitoringu audítorského tímu, audit terapeutických procedúr, opatrovateľskej starostlivosti. Audítorská správa - príprava, schválenie, distribúcia.

Na minha lista:
Detalhes bibliográficos
Autor principal: Bolek, Vladimír, 1988-
Outros Autores: Filanová, Jana, 1967-, Ondrášová, Iveta, Martinková, Jana
Formato: Capítulo de Livro
Idioma:inglês
Assuntos:
Tags: Adicionar Tag
Sem tags, seja o primeiro a adicionar uma tag!

MARC

LEADER 00000nla a2200000 4500
001 0209049
005 20240502083522.7
041 0 |a eng 
044 |a CZ 
245 1 0 |a Process Modeling of Internal Audit in Healthcare Center  |c Vladimír Bolek, Jana Filanová, Iveta Ondrášová, Jana Martinková 
520 |a Modelovací nástroj - ARIS Express. Procesy auditu - prehľad dokumentácie, príprava aktivít. Predmety monitoringu audítorského tímu, audit terapeutických procedúr, opatrovateľskej starostlivosti. Audítorská správa - príprava, schválenie, distribúcia. 
610 2 0 |a modelovanie 
610 2 0 |a optimalizácia 
610 2 0 |a audit 
610 2 0 |a zariadenia zdravotnícke 
610 2 0 |a audítorstvo 
100 1 |a Bolek, Vladimír, 1988- 
700 1 |a Filanová, Jana, 1967- 
700 1 |a Ondrášová, Iveta 
700 1 |a Martinková, Jana